| 000 | 00821 a2200229 4500 | ||
|---|---|---|---|
| 020 | _a9780126208627 | ||
| 020 | _a012620862X | ||
| 040 |
_aDLC _bDLC |
||
| 082 | 0 | 0 | _a005.746 |
| 100 | 1 | _aSayood, Khalid. | |
| 245 | 1 | 0 |
_aIntroduction to data compression _cKhalid Sayood |
| 250 | _a3rd ed. | ||
| 260 |
_aNew Delhi : _bElsevier, _cc2006. |
||
| 300 |
_axxii, 680 p. : _bill. ; _c24 cm. |
||
| 440 | 0 | _aMorgan Kaufmann series in multimedia information and systems | |
| 500 | _aIndian print : 8131206246 | ||
| 650 | 0 | _aData compression (Telecommunication) | |
| 650 | 0 | _aCoding theory. | |
| 856 | 4 | 2 |
_3Publisher description _uhttp://www.loc.gov/catdir/enhancements/fy0625/2005052759-d.html |
| 856 | 4 | 2 |
_3Table of contents only _uhttp://www.loc.gov/catdir/enhancements/fy0625/2005052759-t.html |
| 942 |
_cBK _k005.746 SAY _2ddc |
||
| 999 |
_c6550 _d6550 |
||